|
|
|
|
| LEADER |
00000nam0a2200000 4500 |
| 001 |
312111 |
| 005 |
20231102002443.0 |
| 035 |
|
|
|a (RuTPU)RU\TPU\book\337478
|
| 090 |
|
|
|a 312111
|
| 100 |
|
|
|a 20151217d1967 m y0rusy50 ca
|
| 101 |
1 |
|
|a eng
|c rus
|
| 102 |
|
|
|a RU
|
| 105 |
|
|
|a a j 001zy
|
| 200 |
1 |
|
|a Электромонтер по эксплуатации релейной защиты и автоматики
|d Relay protection electrician
|e пер. с рус.
|f Э. И. Басс [и др.]
|
| 205 |
|
|
|a [2-е изд., испр. и доп.]
|
| 210 |
|
|
|a Москва
|c Мир
|d 1967
|
| 215 |
|
|
|a 302 с.
|c ил.
|
| 300 |
|
|
|a На англ. яз.
|
| 320 |
|
|
|a Предметный указатель: с. 429-435.
|
| 330 |
|
|
|a Книга является учебником для подготовки электромонтеров по эксплуатации релейной защиты и автоматики в профессионально-технических училищах и на производстве. В книге изложены основные сведения о современной релейной защите и электроавтоматики, применяемых в энергосистемах и на промышленных предприятиях. В главах, посвященных эксплуатации, приведены необходимые сведения об объемах и методике проверок как отдельных реле, так и устройств релейной защиты и электроавтоматики в целом.
|
| 510 |
1 |
|
|a Relay protection electrician
|z eng
|
| 606 |
1 |
|
|a Электрические системы
|x Релейная защита
|2 stltpush
|3 (RuTPU)RU\TPU\subj\27587
|9 51315
|
| 610 |
1 |
|
|a учебники
|
| 610 |
1 |
|
|a автоматика
|
| 610 |
1 |
|
|a предохранители
|
| 610 |
1 |
|
|a автоматы
|
| 610 |
1 |
|
|a воздушные выключатели
|
| 610 |
1 |
|
|a реле
|
| 610 |
1 |
|
|a схемы
|
| 610 |
1 |
|
|a приводы
|
| 610 |
1 |
|
|a трансформаторы
|
| 610 |
1 |
|
|a генераторы
|
| 610 |
1 |
|
|a защита
|
| 610 |
1 |
|
|a линии электропередачи
|
| 610 |
1 |
|
|a энергосистемы
|
| 610 |
1 |
|
|a аппаратура
|
| 610 |
1 |
|
|a изоляция
|
| 675 |
|
|
|a 621.316.925(07)
|v 4
|
| 701 |
|
1 |
|a Басс
|b Э. И.
|g Элеонора Исааковна
|
| 701 |
|
1 |
|a Беркович
|b М. А.
|
| 701 |
|
1 |
|a Савостьянов
|b А. И.
|
| 701 |
|
1 |
|a Семенов
|b В. А.
|
| 801 |
|
1 |
|a RU
|b 63413507
|c 20151217
|
| 801 |
|
2 |
|a RU
|b 63413507
|c 20220210
|g RCR
|
| 942 |
|
|
|c BK
|